| 000 | 00812cab a2200229 4500 | ||
|---|---|---|---|
| 001 | X3097 | ||
| 008 | 090401t1996 xxu||||| |||| 00| 0 eng d | ||
| 035 | _a(Sirsi) u28434 | ||
| 041 | _aeng | ||
| 245 | _aCurtis v Chairman of London Rent Assessment Committee | ||
| 260 | _c1996 | ||
| 350 | _a0 | ||
| 490 |
_aNew Property Cases _v1996 NPC 6 |
||
| 520 | _aQBD 22 January 1996. The principles laid down in the Spath Holme Case are applied by the court to resove a series of fair rent disputes. | ||
| 650 | _aCURTIS AND OTHERS V LONDON RENT ASSESSMENT COMMITTEE AND OTHERS | ||
| 650 | _aFAIR RENTS | ||
| 650 | _aSCARCITY VALUE | ||
| 650 | _aSPAITH HOLME V GREATER MANCHESTER RENT ASSESSMENT COMMITTEE | ||
| 690 | _aLANDLORD AND TENANT-CASE LAW-RESIDENTIAL TENANCIES | ||
| 942 | _n0 | ||
| 948 | _c04/03/1997 | ||
| 999 |
_c19146 _d19146 |
||